| 000 -LEADER |
| fixed length control field |
02800nam a22004697a 4500 |
| 001 - CONTROL NUMBER |
| control field |
972802234 |
| 003 - CONTROL NUMBER IDENTIFIER |
| control field |
OCoLC |
| 005 - DATE AND TIME OF LATEST TRANSACTION |
| control field |
20241110180057.0 |
| 006 - FIXED-LENGTH DATA ELEMENTS--ADDITIONAL MATERIAL CHARACTERISTICS |
| fixed length control field |
m o d |
| 007 - PHYSICAL DESCRIPTION FIXED FIELD--GENERAL INFORMATION |
| fixed length control field |
cr ||||||||||| |
| 008 - FIXED-LENGTH DATA ELEMENTS--GENERAL INFORMATION |
| fixed length control field |
170215t20182018nyua ob 000 0 eng d |
| 020 ## - INTERNATIONAL STANDARD BOOK NUMBER |
| Qualifying information |
paperback |
| International Standard Book Number |
9780071843539 |
| 020 ## - INTERNATIONAL STANDARD BOOK NUMBER |
| Canceled/invalid ISBN |
0071843531 |
| Qualifying information |
paperback |
| 040 ## - CATALOGING SOURCE |
| Transcribing agency |
KWIU |
| 041 ## - LANGUAGE CODE |
| Language code of text/sound track or separate title |
eng |
| 049 ## - LOCAL HOLDINGS (OCLC) |
| Holding library |
YYEA |
| -- |
VZYM |
| 080 ## - UNIVERSAL DECIMAL CLASSIFICATION NUMBER |
| Universal Decimal Classification number |
617.7 |
| Item number |
V-32 |
| 100 ## - MAIN ENTRY--PERSONAL NAME |
| 9 (RLIN) |
250 |
| Personal name |
Riordan-Eva, Paul |
| Relator term |
Editor |
| 245 00 - TITLE STATEMENT |
| Title |
Vaughan & Asbury's general ophthalmology |
| Statement of responsibility, etc. |
editors, Paul Riordan-Eva, James J. Augsburger. |
| 246 3# - VARYING FORM OF TITLE |
| Title proper/short title |
Vaughan and Asbury's general ophthalmology. |
| 246 3# - VARYING FORM OF TITLE |
| Title proper/short title |
General ophthalmology. |
| 250 ## - EDITION STATEMENT |
| Edition statement |
19th ed. |
| 260 ## - PUBLICATION, DISTRIBUTION, ETC. |
| Place of publication, distribution, etc. |
New York : |
| Name of publisher, distributor, etc. |
McGraw-Hill, |
| Date of publication, distribution, etc. |
2018 |
| 300 ## - PHYSICAL DESCRIPTION |
| Extent |
511 p. |
| Other physical details |
color illustrations. |
| 365 ## - TRADE PRICE |
| Price amount |
84.61 usd |
| 500 ## - GENERAL NOTE |
| General note |
EINSTEIN & MMC: available online via AccessMedicine. See Reference staff for assistance. |
| 504 ## - BIBLIOGRAPHY, ETC. NOTE |
| Bibliography, etc. note |
Includes bibliographical references. |
| 505 0# - FORMATTED CONTENTS NOTE |
| Formatted contents note |
Anatomy & embryology of the eye -- Ophthalmologic examination -- Ophthalmic emergencies -- Lids & lacrimal apparatus -- Conjunctiva & tears -- Cornea -- Uveal tract & sclera -- Lens -- Vitreous -- Retina -- Glaucoma -- Strabismus -- Orbit -- Neuro-ophthalmology -- Ocular disorders associated with systemic diseases -- Immunologic diseases of the eye -- Special subjects of pediatric interest -- Ophthalmic genetics -- Ophthalmic trauma -- Causes and prevention of vision loss -- Optics & refraction -- Ophthalmic therapeutics -- Lasers in ophthalmology -- Low vision -- Vision rehabilitation -- Appendix: Functional vision score. |
| 520 2# - SUMMARY, ETC. |
| Summary, etc. |
"For more than five decades, General Ophthalmology has offered authoritative, state-of-the-art coverage of the diagnosis and treatment of all major ophthalmic diseases, as well as neurological and systemic diseases causing visual disturbances. The Nineteenth Edition builds on this tradition of excellence by offering a new full-color presentation, an increased number of color photos, and cutting-edge content additions and updates - to deliver all-inclusive coverage that encompasses pathophysiology, basic science, and the latest clinical perspectives"--Publisher's description. |
| 588 ## - SOURCE OF DESCRIPTION NOTE |
| Source of description note |
Description based on online resource; title from resource home page (AccessMedicine, viewed July 19, 2017). |
| 650 12 - SUBJECT ADDED ENTRY--TOPICAL TERM |
| Topical term or geographic name entry element |
Eye Diseases |
| General subdivision |
therapy. |
| 650 10 - SUBJECT ADDED ENTRY--TOPICAL TERM |
| Topical term or geographic name entry element |
Ophthalmology |
| 9 (RLIN) |
251 |
| 650 10 - SUBJECT ADDED ENTRY--TOPICAL TERM |
| Topical term or geographic name entry element |
Medicine |
| 9 (RLIN) |
69 |
| 650 22 - SUBJECT ADDED ENTRY--TOPICAL TERM |
| Topical term or geographic name entry element |
Diagnostic Techniques, Ophthalmological. |
| 650 22 - SUBJECT ADDED ENTRY--TOPICAL TERM |
| Topical term or geographic name entry element |
Ocular Physiological Phenomena. |
| 653 ## - INDEX TERM--UNCONTROLLED |
| Uncontrolled term |
ოფთალმოლოგია |
| 653 ## - INDEX TERM--UNCONTROLLED |
| Uncontrolled term |
მედიცინა |
| 653 ## - INDEX TERM--UNCONTROLLED |
| Uncontrolled term |
თვალის დაავადებები |
| 700 1# - ADDED ENTRY--PERSONAL NAME |
| Personal name |
Riordan-Eva, Paul. |
| 700 1# - ADDED ENTRY--PERSONAL NAME |
| Personal name |
Augsburger, James J. |
| 942 ## - ADDED ENTRY ELEMENTS (KOHA) |
| Source of classification or shelving scheme |
|
| Koha item type |
Books |
| Edition |
19 |